| 000 | 00596nmm a2200181Ia 4500 | ||
|---|---|---|---|
| 008 | 251105s9999||||xx |||||||||||||||||und|| | ||
| 020 | _a9788431534721 | ||
| 041 | _aspa | ||
| 100 | _aVallejo, Dra. Marie-Claude | ||
| 245 | 0 | _a¡Para empezar, tú no eres mi madre!. ¿Qué lugar debe ocupar una madrastra? | |
| 264 |
_a[Madrid, España] : _bDe Vecchi, _c[Fecha de publicación no identificada] |
||
| 300 | _a0 páginas | ||
| 650 | _aFamily | ||
| 700 | _aVallejo, Dra. Marie-Claude | ||
| 700 | 1 | _a Fronty, Mireille | |
| 856 | _uhttps://public.digitaliapublishing.com/a/123159 | ||
| 942 | _cCF | ||
| 999 |
_c72221 _d72221 |
||